Normal view
MARC view
- Yauch, Peter J.
Entry Personal Name
001 - CONTROL NUMBER
- control field: 21846
003 - CONTROL NUMBER IDENTIFIER
- control field: NUST
005 - DATE AND TIME OF LATEST TRANSACTION
- control field: 20190927153412.0
008 - FIXED-LENGTH DATA ELEMENTS
- fixed length control field: 190927|| aca||aabn | a|a d
040 ## - CATALOGING SOURCE
- Original cataloging agency: NUST
- Transcribing agency: NUST
100 ## - HEADING--PERSONAL NAME
- Personal name: Yauch, Peter J.
670 ## - SOURCE DATA FOUND
- Source citation: Work cat.: (NUST)0: Yauch, Peter J., Traffic signal control equipment :, [1990]
